Online
Catalog

Suárez, Adolfo : (Record no. 20665)

MARC details
000 -CABECERA
campo de control de longitud fija 00555nam a2200181 a 4500
001 - NÚMERO DE CONTROL
campo de control 000021163
005 - FECHA Y HORA DE LA ÚLTIMA TRANSACCIÓN
campo de control 20200930011240.0
008 - DATOS DE LONGITUD FIJA--INFORMACIÓN GENERAL
campo de control de longitud fija 100901s1980 xxua r 000 | spa d
040 ## - FUENTE DE LA CATALOGACIÓN
Centro catalogador/agencia de origen DO-SdBNP
Lengua de catalogación spa
Centro/agencia transcriptor BNPHU
082 ## - NÚMERO DE LA CLASIFICACIÓN DECIMAL DEWEY
Número de clasificación xxx
Número de documento/Ítem S939l
049 ## - FONDOS LOCALES (OCLC)
Fondos de biblioteca BNGR
100 1# - ENTRADA PRINCIPAL--NOMBRE DE PERSONA
Nombre de persona Suárez, Adolfo
Fechas asociadas al nombre 1932-
9 (RLIN) 44241
245 10 - MENCIÓN DE TÍTULO
Título Suárez, Adolfo :
Resto del título Sucesos de la tarde /
Mención de responsabilidad, etc. Adolfo Suárez; edición, Eliana Dávila.
260 ## - PUBLICACIÓN, DISTRIBUCIÓN, ETC.
Lugar de publicación, distribución, etc. La Habana :
Nombre del editor, distribuidor, etc. Letras Cubanas,
Fecha de publicación, distribución, etc. 1980.
300 ## - DESCRIPCIÓN FÍSICA
Extensión 287 p., :
Otras características físicas il. ;
Dimensiones 19 cm.
490 ## - MENCIÓN DE SERIE
Mención de serie Minima;
Designación de volumen o secuencia 38
700 ## - PUNTO DE ACCESO ADICIONAL--NOMBRE DE PERSONA
Nombre de persona Dávila, Eliana
Término indicativo de función/relación ed.
9 (RLIN) 11227
Holdings
Estado de retiro Estado de pérdida Restricciones de uso No para préstamo Código de colección Localización permanente Ubicación/localización actual Ubicación en estantería Fecha de adquisición Número de inventario Total de préstamos Signatura topográfica completa Código de barras Fecha visto por última vez Precio válido a partir de Tipo de ítem Koha
      Excluido de préstamo Monografías: Libros y Folletos General General En catalogación 01.09.2010 LF1   xxx S939l 21163-10 25.06.2020 25.06.2020 No se presta

Powered by Koha